000 00348nam a2200145Ia 4500
008 150301s2013 xx 000 0 und d
082 _a610
_bS13A
100 _aABDULLAH, ABM
245 _aSHORT CAES IN CLINICAL MEDICINE
250 _a5TH
260 _bELSEVIER
_aINDIA
_c2013
300 _a633
650 _aGENERAL MEDICINE
942 _2ddc
_cBK
_01
999 _c6618
_d6618